000 00350nam a2200133Ia 4500
008 231129s9999||||xx |||||||||||||| ||spa||
020 _a84-206-0454-2
040 _bspa
082 _aI823 D278r
100 _aDe Quincey Thomas
245 0 _aLa rebelion de los tartaros
264 _aAlianza
942 _2ddc
_cBKS
999 _c18070
_d18070